000 00627cam a2200229 4500
001 B2581
008 090401t1989 xxu||||| |||| 00| 0 eng d
035 _a(Sirsi) u50981
041 _aeng
050 _a368.5
090 _aRICS 1989/71ABC
110 _aRoyal Institution of Chartered Surveyors
_94900
245 _aProfessional indemnity collective policy
260 _aLondon
_bRICS Insurance Services Limited
_c1989
300 _a(4)p. ; 30cm.
350 _a0
650 _aABOUT RICS-RICS MEMBERS
650 _aInsurance
_96249
650 _aPROFESSIONAL INDEMNITY INSURANCE
942 _n0
948 _c04/03/1997
999 _c92787
_d92787